| 000 | 00685nam a22002177a 4500 | ||
|---|---|---|---|
| 003 | Ost | ||
| 005 | 20250903140646.0 | ||
| 008 | 250903b |||||||| |||| 00| 0 eng d | ||
| 020 | _a9780128147122 | ||
| 040 | _cBT-PhCST | ||
| 050 | _a25540-25541 | ||
| 082 |
_222 _a338.926 _bRUB |
||
| 100 | _aRubino, Alessandro. | ||
| 245 |
_aHandbook of energy economics and policy : _bfundamentals and applications for engineers and energy planners / |
||
| 260 |
_aUnited kingdom : _bAcademic Press, An imprint of Elsevier, _cc2021. |
||
| 300 |
_axviii, 674 p. : _bill. ; _c24 cm. |
||
| 500 | _aIncludes index | ||
| 700 | _aSapio, Alessandro. | ||
| 700 | _aScala, Massimo La. | ||
| 942 |
_2ddc _cEE |
||
| 999 |
_c10109 _d10109 |
||